The beautiful India : (Record no. 130077)

MARC details
000 -LEADER
fixed length control field 00801nam a22002537a 4500
003 - CONTROL NUMBER IDENTIFIER
control field dpl
005 - DATE AND TIME OF LATEST TRANSACTION
control field 20180522141729.0
008 - FIXED-LENGTH DATA ELEMENTS--GENERAL INFORMATION
fixed length control field 180522b xxu||||| |||| 00| 0 eng d
010 ## - LIBRARY OF CONGRESS CONTROL NUMBER
LC control number B-159902
020 ## - INTERNATIONAL STANDARD BOOK NUMBER
Terms of availability 975.00
International Standard Book Number 8188583774
035 ## - SYSTEM CONTROL NUMBER
System control number B-159902, B-159915
037 ## - SOURCE OF ACQUISITION
Source of stock number/acquisition Cen Lib/Ret
040 ## - CATALOGING SOURCE
Original cataloging agency DPL
Language of cataloging EN
Transcribing agency 0
082 ## - DEWEY DECIMAL CLASSIFICATION NUMBER
Classification number 954.41
Item number BEA
245 ## - TITLE STATEMENT
Title The beautiful India :
Statement of responsibility, etc edited by S.A.Rahman
Remainder of title Maharashtra /
260 ## - PUBLICATION, DISTRIBUTION, ETC. (IMPRINT)
Name of publisher, distributor, etc Reference Press
Place of publication, distribution, etc New Delhi
270 ## - ADDRESS
Address 4831/24, Ansari Road, Darya Ganj
Postal code 110002
City New Delhi
300 ## - PHYSICAL DESCRIPTION
Extent x,446p.
Dimensions 21cm(Hb)
500 ## - GENERAL NOTE
General note Includes bibliographical references
650 ## - SUBJECT ADDED ENTRY--TOPICAL TERM
Topical term or geographic name as entry element Maharashtra (India)
9 (RLIN) 28210
650 ## - SUBJECT ADDED ENTRY--TOPICAL TERM
Topical term or geographic name as entry element System of gevernance in Maharashtra
9 (RLIN) 28211
700 ## - ADDED ENTRY--PERSONAL NAME
Personal name S.A.Rahman
9 (RLIN) 28212
942 ## - ADDED ENTRY ELEMENTS (KOHA)
Source of classification or shelving scheme Dewey Decimal Classification
Koha item type English Books
Classification part 954.41
Call number suffix BEA
Holdings
Withdrawn status Lost status Damaged status Not for loan Home library Current library Date acquired Source of acquisition Cost, normal purchase price Total Checkouts Full call number Barcode Date last seen Date checked out Copy number Cost, replacement price Price effective from Koha item type Source of classification or shelving scheme Collection code Public note
        Central Library Central Library 08/07/2015 Cen Lib/Ret 975.00 2 954.41 BEA B-159902 08/10/2018 27/09/2018 1 975.00 08/07/2015 English Books      
        Central Library Central Library 05/10/2016       954.41 BEA B-159903 05/10/2016       05/10/2016 English Books Dewey Decimal Classification    
        Sarojini Nagar Sarojini Nagar 24/01/2019       954.41 BEA B-159907 24/01/2019       24/01/2019 English Books Dewey Decimal Classification Non-fiction Withdran List Prepared L.No.18/05
        Shahdara Branch Shahdara Branch 22/05/2018 BPPD/PUB 975.00   954.41 BEA A-159915 22/05/2018     975.00 22/05/2018 English Books Dewey Decimal Classification Non-fiction  

© Delhi Public Library
Hit Counter
free hit counter